000 00788nam a22001337a 4500
040 _cRUA
082 _aVEM VAT 2021 B1-530 Or.
100 _aVA THAWITH,វ៉ា ថាវីត
245 _aANTIBIOTIC USE AND ANGTIMICROBIAL RESISTANCE IN PIG PRODUCTION IN PREY VENG AND KAMPONG SPEU PROVINCE,ការប្រើប្រាស់ឱសថអង់ទីប៊ីយ៉ូទិក និងភាពស៊ាំនឹងឱសថប្រឆាំងមេរោគក្នុងផលិតកម្មជ្រូកនៅខេត្តព្រៃវែង និងកំពង់ស្ពឺ
260 _aphnom penh
_brua
_c2021
300 _ax.76p.
_bill.
_c29cm.
856 _uhttps://drive.google.com/file/d/1nzCPa25QssCpHXhtSVY4k9DdQBQrNgz7/view?usp=sharing
942 _cVEM
999 _c21768
_d21768